000 00602nam a22002297a 4500
003 UA-OsUOA
001 94634
007 ta
008 20130214b un ||||| |||| 00| 0 ukr d
100 _aАстуріас М. А.
090 _a821.134.2
_bА91
942 _cBK
040 _aUA-OsUOA
_bukr
_cUA-OsUOA
_dUA-OsUOA
245 _aСеньйор Президент
_bроман
300 _a303 с.
955 _a3
041 _aukr
080 _a821.134.2
260 _aК.
_bДніпро
_c1986
650 7 _a82 Література. Літературознавство
_2UDC
999 _c380886
_d380886